<?xml version="1.0" encoding="UTF-8"?>
<collection xmlns="http://www.loc.gov/MARC21/slim">
 <record>
  <leader>01712aam a22002658a 4500</leader>
  <controlfield tag="001">NCT_14193</controlfield>
  <controlfield tag="008">071002s2007                  ||||||viesd</controlfield>
  <datafield tag="999" ind1=" " ind2=" ">
   <subfield code="c">679</subfield>
   <subfield code="d">679</subfield>
  </datafield>
  <datafield tag="020" ind1=" " ind2=" ">
   <subfield code="c">95000</subfield>
  </datafield>
  <datafield tag="082" ind1="0" ind2="4">
   <subfield code="2">23rd ed.</subfield>
   <subfield code="a">519.5</subfield>
   <subfield code="b">Tr431</subfield>
  </datafield>
  <datafield tag="100" ind1="1" ind2=" ">
   <subfield code="a">Hoàng Trọng</subfield>
  </datafield>
  <datafield tag="245" ind1="1" ind2="0">
   <subfield code="a">Thống kê ứng dụng trong kinh tế - xã hội</subfield>
   <subfield code="c">Hoàng Trọng, Chu Nguyễn Mộng Ngọc</subfield>
  </datafield>
  <datafield tag="250" ind1=" " ind2=" ">
   <subfield code="a">Tái bản lần 3</subfield>
  </datafield>
  <datafield tag="260" ind1=" " ind2=" ">
   <subfield code="a">H.</subfield>
   <subfield code="b">Thống kê</subfield>
   <subfield code="c">2011</subfield>
  </datafield>
  <datafield tag="300" ind1=" " ind2=" ">
   <subfield code="a">520 tr.</subfield>
   <subfield code="b">minh hoạ</subfield>
   <subfield code="c">21cm</subfield>
  </datafield>
  <datafield tag="520" ind1="3" ind2=" ">
   <subfield code="a">Trình bày những kiến thức cơ bản thống kê ứng dụng trong kinh tế xã hội: thu thập dữ liệu, tóm tắt và trình bày dữ liệu bằng bảng và đồ thị, xác suất căn bản, chỉ số,..</subfield>
  </datafield>
  <datafield tag="653" ind1=" " ind2=" ">
   <subfield code="a">Khoa học cơ bản</subfield>
  </datafield>
  <datafield tag="700" ind1="1" ind2=" ">
   <subfield code="a">Chu Nguyễn Mộng Ngọc</subfield>
  </datafield>
  <datafield tag="942" ind1=" " ind2=" ">
   <subfield code="2">ddc</subfield>
   <subfield code="c">BK</subfield>
  </datafield>
  <datafield tag="952" ind1=" " ind2=" ">
   <subfield code="0">0</subfield>
   <subfield code="1">0</subfield>
   <subfield code="2">ddc</subfield>
   <subfield code="4">0</subfield>
   <subfield code="6">519_500000000000000_TR431</subfield>
   <subfield code="7">0</subfield>
   <subfield code="9">4976</subfield>
   <subfield code="a">000001</subfield>
   <subfield code="b">000001</subfield>
   <subfield code="d">2017-12-01</subfield>
   <subfield code="o">519.5 Tr431</subfield>
   <subfield code="p">MD.03690</subfield>
   <subfield code="r">2017-12-01</subfield>
   <subfield code="v">95000.00</subfield>
   <subfield code="w">2017-12-01</subfield>
   <subfield code="y">BK</subfield>
  </datafield>
  <datafield tag="952" ind1=" " ind2=" ">
   <subfield code="0">0</subfield>
   <subfield code="1">0</subfield>
   <subfield code="2">ddc</subfield>
   <subfield code="4">0</subfield>
   <subfield code="6">519_500000000000000_TR431</subfield>
   <subfield code="7">0</subfield>
   <subfield code="9">4977</subfield>
   <subfield code="a">000001</subfield>
   <subfield code="b">000001</subfield>
   <subfield code="d">2017-12-01</subfield>
   <subfield code="o">519.5 Tr431</subfield>
   <subfield code="p">MD.03691</subfield>
   <subfield code="r">2017-12-01</subfield>
   <subfield code="v">95000.00</subfield>
   <subfield code="w">2017-12-01</subfield>
   <subfield code="y">BK</subfield>
  </datafield>
  <datafield tag="952" ind1=" " ind2=" ">
   <subfield code="0">0</subfield>
   <subfield code="1">0</subfield>
   <subfield code="2">ddc</subfield>
   <subfield code="4">0</subfield>
   <subfield code="6">519_500000000000000_TR431</subfield>
   <subfield code="7">0</subfield>
   <subfield code="9">4978</subfield>
   <subfield code="a">000001</subfield>
   <subfield code="b">000001</subfield>
   <subfield code="d">2017-12-01</subfield>
   <subfield code="o">519.5 Tr431</subfield>
   <subfield code="p">MD.03692</subfield>
   <subfield code="r">2017-12-01</subfield>
   <subfield code="v">95000.00</subfield>
   <subfield code="w">2017-12-01</subfield>
   <subfield code="y">BK</subfield>
  </datafield>
  <datafield tag="952" ind1=" " ind2=" ">
   <subfield code="0">0</subfield>
   <subfield code="1">0</subfield>
   <subfield code="2">ddc</subfield>
   <subfield code="4">0</subfield>
   <subfield code="6">519_500000000000000_TR431</subfield>
   <subfield code="7">0</subfield>
   <subfield code="9">4979</subfield>
   <subfield code="a">000001</subfield>
   <subfield code="b">000001</subfield>
   <subfield code="d">2017-12-01</subfield>
   <subfield code="o">519.5 Tr431</subfield>
   <subfield code="p">MD.03693</subfield>
   <subfield code="r">2017-12-01</subfield>
   <subfield code="v">95000.00</subfield>
   <subfield code="w">2017-12-01</subfield>
   <subfield code="y">BK</subfield>
  </datafield>
  <datafield tag="952" ind1=" " ind2=" ">
   <subfield code="0">0</subfield>
   <subfield code="1">0</subfield>
   <subfield code="2">ddc</subfield>
   <subfield code="4">0</subfield>
   <subfield code="6">519_500000000000000_TR431</subfield>
   <subfield code="7">0</subfield>
   <subfield code="9">4980</subfield>
   <subfield code="a">000001</subfield>
   <subfield code="b">000001</subfield>
   <subfield code="d">2017-12-01</subfield>
   <subfield code="o">519.5 Tr431</subfield>
   <subfield code="p">MD.03689</subfield>
   <subfield code="r">2017-12-01</subfield>
   <subfield code="v">95000.00</subfield>
   <subfield code="w">2017-12-01</subfield>
   <subfield code="y">BK</subfield>
  </datafield>
  <datafield tag="980" ind1=" " ind2=" ">
   <subfield code="a">Thư viện Trường Đại học Nam Cần Thơ</subfield>
  </datafield>
 </record>
</collection>
